000 00286nam a22001337a 4500
008 170601b xxu||||| |||| 00| 0 eng d
020 _a0133899667
041 _aeng
080 _a94
100 _a17
101 _aSHH
245 _aA HISTORY ENGLAND
_cROBERTS.C
942 _2udc
_cBK
999 _c15500
_d15500